000 00693nam a2200241Ia 4500
005 20260429112257.0
008 260429s9999||||xx |||||||||||||| ||und||
020 _a9781509559381
041 _aEnglish
082 _a972.9403
_bCES
100 _aCesaire, Aime
245 0 _aToussaint Louverture :
_bthe French revolution and the colonial problem /
_cAime Cesaire
250 _a1st ed.
260 _aUnited Kingdom :
_bPolity Press,
_c2025.
300 _axxii, 275 p.; pbk
440 _aCritical south
650 _aFrench revolution
700 _a Collis-Buthelezi, Victoria
700 _a Nash, Kate
700 _a Sabsay, Leticia
700 _aBrizuela, Natalia
942 _cTB
999 _c53265
_d53265